|
|
|
|
| LEADER |
00000cam a2200000 i 4500 |
| 001 |
1/42713 |
| 008 |
950307s1989 gr | ||| |||| ||eng|| |
| 020 |
|
|
|a 9607140001
|
| 035 |
|
|
|a 1991
|b 2
|c Αγορά
|l 10025640
|
| 035 |
|
|
|a 1991
|c ΒΙΒΛΙΟΘΗΚΗ
|
| 040 |
|
|
|a GR-MyUA
|b gre
|e AACR2
|
| 041 |
0 |
|
|a eng
|a gre
|
| 082 |
0 |
|
|a 004.03
|2 (21)
|
| 100 |
1 |
|
|a Γαρίδης, Παναγιώτης.
|
| 245 |
1 |
0 |
|a Σύγχρονο λεξικό πληροφορικής /
|c Παναγιώτης Γαρίδης, Μανόλης Δεληγιαννάκης.
|
| 250 |
|
|
|a 2η έκδ.
|
| 260 |
|
|
|a Αθήνα :
|b Δίαυλος,
|c 1989.
|
| 300 |
|
|
|a 761 σ. ;
|c 21 εκ.
|
| 500 |
|
|
|a Greek and English
|
| 500 |
|
|
|a 10.400 Όροι - Ορισμοί - Συνώνυμα - Συντομογραφίες - Παραπομπές.
|
| 650 |
0 |
0 |
|a English language
|x Dictionaries
|x Greek, Modern.
|
| 650 |
0 |
0 |
|a Greek language, Modern
|x Dictionaries
|x English.
|
| 650 |
0 |
0 |
|a Computers
|x Dictionaries.
|
| 650 |
0 |
0 |
|a Computer science
|x Dictionaries.
|
| 700 |
1 |
|
|a Δεληγιαννάκης, Μανόλης.
|
| 852 |
|
|
|a INST
|b CHIOS
|e 19960214
|h 004.03 ΓΑΡ
|p 005200002643
|q 005200002643
|t REF
|y 23
|
| 852 |
|
|
|a INST
|b LESVOS
|e 19950307
|h 004.03 ΓΑΡ
|p 005100002610
|q 005100002610
|t REF
|y 23
|
| 852 |
|
|
|a INST
|b RHODES
|e 19960521
|h 004.03 ΓΑΡ
|p 005400008801
|q 005400008801
|t REF
|y 23
|
| 852 |
|
|
|a INST
|b SAMOS
|e 19951204
|h 004.03 ΓΑΡ
|p 005300004437
|q 005300004437
|t REF
|y 23
|
| 909 |
|
|
|a Χ
|b 019856
|
| 909 |
|
|
|a Λ
|b 019855
|
| 909 |
|
|
|a Ρ
|b 019857
|
| 909 |
|
|
|a Σ
|b 019854
|